Mức độ suy thoái và giải pháp phục hồ một số hệ sinh thái đầm phá ven biển Miền Trung

Nội dung sách giới thiệu điều kiện tự nhiên, môi trường hệ thống đầm phá ven biển Miền Trung, đặc trưng cơ bản các hệ sinh thái, diễn thế hệ sinh thái đầm phá. Các nhóm giải pháp phục hồi hệ sinh thái và lộ trình phục hồi hệ sinh tha...

全面介紹

Đã lưu trong:
書目詳細資料
格式: 圖書
語言:Undetermined
出版: Hà Nội Khoa học Tự nhiên và Công nghệ 2016
主題:
標簽: 添加標簽
沒有標簽, 成為第一個標記此記錄!
Thư viện lưu trữ: Trung tâm Học liệu Trường Đại học Cần Thơ
LEADER 01076nam a2200181Ia 4500
001 CTU_225281
008 210402s9999 xx 000 0 und d
082 |a 577.639 
082 |b M552 
245 0 |a Mức độ suy thoái và giải pháp phục hồ một số hệ sinh thái đầm phá ven biển Miền Trung 
245 0 |c Nguyễn Văn Quân (chủ biên) ... [et al.] 
260 |a Hà Nội 
260 |b Khoa học Tự nhiên và Công nghệ 
260 |c 2016 
520 |a Nội dung sách giới thiệu điều kiện tự nhiên, môi trường hệ thống đầm phá ven biển Miền Trung, đặc trưng cơ bản các hệ sinh thái, diễn thế hệ sinh thái đầm phá. Các nhóm giải pháp phục hồi hệ sinh thái và lộ trình phục hồi hệ sinh thái đầm phá. 
650 |a Sinh thái học ao hồ nước mặn,Salt lake ecology 
910 |b dqhieu 
980 |a Trung tâm Học liệu Trường Đại học Cần Thơ